A szenvedélymentes igazságért Beszélgetés Guba Ferenc professzorral /

Elmentve itt :
Bibliográfiai részletek
Szerző: Dlusztus Imre
Dokumentumtípus: Cikk
Megjelent: 1988-02-16
Sorozat:Délmagyarország 78 No. 39
Kulcsszavak:Guba Ferenc
Online Access:http://dmarchiv.bibl.u-szeged.hu/94320
LEADER 00490nab a2200157 i 4500
001 delm94320
005 20190926135030.0
008 190926s1988 hu o 0|| hun d
040 |a SZTE Délmagyarország Archívum  |b hun 
041 |a hun 
100 1 |a Dlusztus Imre 
245 1 2 |a A szenvedélymentes igazságért   |h [elektronikus dokumentum] :  |b Beszélgetés Guba Ferenc professzorral /  |c  Dlusztus Imre 
260 |c 1988-02-16 
300 |a 5 
490 0 |a Délmagyarország  |v 78 No. 39 
695 |a Guba Ferenc